Statistiques concernant Focus sur: Merope Gaunt - Harry Potter

Cliquez ici pour prendre le quiz!

Statistiques générales

  • Ce quiz a été pris 84 fois
  • Le résultat moyen est 5 sur 6

Statistiques - réponses

Informations recherchéesRéponses% Correct
FilsTom Jedusor
100%
Statut du sangSang-Pur
99%
ÉpouxTom Jedusor Sr.
97%
Première apparitionHarry Potter et le Prince de Sang-Mêlé
96%
PèreElvis Gaunt
90%
FrèreMorfin Gaunt
67%

Distribution des résultats

Percentile par nombre de réponses

% des personnes avec chaque résultat

Votre développement - résultats

Vous n’avez pas pris ce quiz